Sports Quiz

Random Sports or NBA Quiz

NBA's Best Players of 2013/2014 Quiz Stats

 Plays Quiz not verified by Sporcle

Challenge
Share
Tweet
Embed
Score 0/199 Timer 15:00
0 Plays Today
Team Answer % Correct
Orlando Magic/Los Angeles ClippersGlen Davis
95.2%
Memphis GrizzliesEd Davis
95.2%
New Orleans PelicansAnthony Davis
95.2%
Miami HeatLeBron James
95.2%
Phoenix SunsGoran Dragic
93.3%
Houston RocketsJames Harden
93.3%
Oklahoma City ThunderKevin Durant
93.3%
Memphis GrizzliesMarc Gasol
92.3%
Miami HeatChris Bosh
92.3%
Miami HeatDwyane Wade
92.3%
Oklahoma City ThunderRussell Westbrook
92.3%
Minnesota TimberwolvesKevin Love
92.3%
Washington WizardsJohn Wall
92.3%
Los Angeles ClippersBlake Griffin
92.3%
New York KnicksCarmelo Anthony
92.3%
Los Angeles LakersPau Gasol
91.3%
San Antonio SpursTim Duncan
91.3%
Portland TrailblazersDamian Lillard
91.3%
San Antonio SpursTony Parker
91.3%
Indiana PacersPaul George
91.3%
Houston RocketsDwight Howard
91.3%
Chicago BullsJoakim Noah
91.3%
Golden State WarriorsStephen Curry
91.3%
Los Angeles ClippersChris Paul
91.3%
Atlanta HawksLou Williams
90.4%
Portland TrailblazersMo Williams
90.4%
Brooklyn NetsDeron Williams
90.4%
Indiana PacersDavid West
90.4%
Dallas MavericksDirk Nowitzki
90.4%
Portland TrailblazersLaMarcus Aldridge
90.4%
Golden State WarriorsKlay Thompson
89.4%
Cleveland CavaliersKyrie Irving
89.4%
Sacramento KingsDeMarcus Cousins
89.4%
Sacramento KingsJason Thompson
88.5%
Cleveland CavaliersTristan Thompson
88.5%
Memphis GrizzliesZach Randolph
88.5%
Phoenix SunsIsh Smith
87.5%
New York KnicksJ.R. Smith
87.5%
Memphis GrizzliesJames Johnson
87.5%
Toronto RaptorsAmir Johnson
87.5%
Detroit PistonsJosh Smith
87.5%
Brooklyn NetsJoe Johnson
87.5%
Golden State WarriorsAndre Iguodala
87.5%
Memphis GrizzliesMike Conley
87.5%
Atlanta HawksPaul Millsap
87.5%
Toronto RaptorsDeMar DeRozan
87.5%
Toronto RaptorsKyle Lowry
87.5%
Oklahoma City ThunderSerge Ibaka
86.5%
Charlotte BobcatsAl Jefferson
86.5%
Toronto Raptors/Sacramento KingsRudy Gay
85.6%
Denver NuggetsTy Lawson
85.6%
Phoenix SunsEric Bledsoe
85.6%
Los Angeles LakersJordan Hill
84.6%
Brooklyn NetsPaul Pierce
84.6%
Indiana PacersGeorge Hill
84.6%
Dallas MavericksVince Carter
84.6%
Los Angeles Clippers DeAndre Jordan
84.6%
San Antonio SpursKawhi Leonard
84.6%
Dallas MavericksMonta Ellis
84.6%
Boston Celtics/Memphis GrizzliesCourtney Lee
83.7%
Golden State WarriorsDraymond Green
83.7%
Boston CelticsJeff Green
83.7%
San Antonio SpursDanny Green
83.7%
Phoenix SunsGerald Green
83.7%
Indiana PacersRoy Hibbert
83.7%
Golden State WarriorsDavid Lee
83.7%
Charlotte BobcatsKemba Walker
83.7%
Team Answer % Correct
Portland TrailblazersNicolas Batum
83.7%
San Antonio SpursPatty Mills
82.7%
Washington WizardsBradley Beal
82.7%
New Orleans PelicansJrue Holiday
82.7%
Boston Celtics/Golden State WarriorsJordan Crawford
81.7%
Los Angeles ClippersJamal Crawford
81.7%
Atlanta HawksAl Horford
81.7%
Washington WizardsMarcin Gortat
80.8%
Golden State WarriorsAndrew Bogut
80.8%
Philadelphia 76ersMichael Carter-Williams
80.8%
Minnesota TimberwolvesRicky Rubio
80.8%
Boston CelticsRajon Rondo
80.8%
Chicago Bulls/Cleveland CavaliersLuol Deng
80.8%
San Antonio SpursManu Ginobili
80.8%
Indiana PacersLance Stephenson
80.8%
Houston RocketsChandler Parsons
80.8%
Houston RocketsJeremy Lin
79.8%
Brooklyn NetsKevin Garnett
79.8%
Chicago BullsJimmy Butler
79.8%
Detroit PistonsAndre Drummond
79.8%
Atlanta HawksJeff Teague
79.8%
Los Angeles LakersNick Young
78.8%
Chicago BullsKirk Hinrich
78.8%
Chicago BullsTaj Gibson
78.8%
Detroit PistonsBrandon Jennings
78.8%
Philadelphia 76ersThaddeus Young
78.8%
Portland TrailblazersWesley Matthews
77.9%
Denver NuggetsKenneth Faried
77.9%
Cleveland CavaliersJarrett Jack
76.9%
Miami HeatMario Chalmers
76.9%
Oklahoma City ThunderReggie Jackson
76.9%
Denver NuggetsWilson Chandler
76%
New York KnicksTyson Chandler
76%
Golden State WarriorsHarrison Barnes
76%
Chicago BullsCarlos Boozer
76%
Detroit PistonsGreg Monroe
76%
Memphis GrizzliesTony Allen
75%
Miami HeatRay Allen
75%
Sacramento KingsIsaiah Thomas
75%
New Orleans PelicansTyreke Evans
74%
Atlanta HawksKyle Korver
74%
Cleveland CavaliersDion Waiters
74%
Washington WizardsTrevor Ariza
74%
Utah JazzGordon Hayward
74%
Houston RocketsTerrence Jones
73.1%
Orlando MagicVictor Oladipo
73.1%
Oklahoma City ThunderNick Collison
72.1%
Los Angeles ClippersJ.J. Redick
72.1%
Phoenix SunsMarcus Morris
72.1%
Houston RocketsPatrick Beverley
72.1%
Los Angeles ClippersDarren Collison
72.1%
Phoenix SunsMarkieff Morris
72.1%
New Orleans PelicansEric Gordon
70.2%
Utah JazzTrey Burke
70.2%
Milwaukee BucksBrandon Knight
70.2%
Dallas MavericksJose Calderon
70.2%
Minnesota TimberwolvesNikola Pekovic
70.2%
Orlando MagicArron Afflalo
70.2%
Orlando MagicJameer Nelson
69.2%
Cleveland CavaliersAnderson Varejao
69.2%
Dallas MavericksShawn Marion
69.2%
Minnesota TimberwolvesKevin Martin
68.3%
Utah JazzDerrick Favors
68.3%
Philadelphia 76ersJames Anderson
66.3%
New Orleans PelicansRyan Anderson
66.3%
Miami HeatNorris Cole
65.4%
Los Angeles Lakers/Golden State WarriorsSteve Blake
64.4%
Team Answer % Correct
San Antonio SpursTiago Splitter
64.4%
Toronto Raptors/Chicago BullsD.J. Augustin
64.4%
Orlando MagicNikola Vucevic
64.4%
Dallas MavericksDevin Harris
63.5%
Philadelphia 76ers/Indiana PacersEvan Turner
63.5%
Orlando MagicTobias Harris
63.5%
Washington WizardsNenȇ
63.5%
New York KnicksRaymond Felton
62.5%
Chicago BullsMike Dunleavy
62.5%
Charlotte BobcatsGerald Henderson
61.5%
Utah JazzAlec Burks
61.5%
Denver Nuggets/Washington WizardsAndre Miller
60.6%
Miami HeatChris Andersen
59.6%
Phoenix SunsChanning Frye
59.6%
Philadelphia 76ers/Cleveland CavaliersSpencer Hawes
59.6%
Toronto RaptorsJonas Valanciunas
58.7%
Phoenix Suns Miles Plumlee
57.7%
Los Angeles LakersJodie Meeks
57.7%
Charlotte BobcatsMichael Kidd-Gilchrist
56.7%
Boston CelticsJared Sullinger
56.7%
Minnesota TimberwolvesCorey Brewer
55.8%
Utah JazzEnes Kanter
54.8%
Boston CelticsAvery Bradley
54.8%
Brooklyn NetsShaun Livingston
54.8%
Los Angeles LakersKendall Marshall
54.8%
Oklahoma City ThunderThabo Sefolosha
53.8%
Denver NuggetsNate Robinson
53.8%
Dallas MavericksSamuel Dalembert
52.9%
Golden State WarriorsJermaine O'Neal
52.9%
Milwaukee BucksO.J. Mayo
51.9%
Toronto RaptorsTerrence Ross
51.9%
Boston CelticsBrandon Bass
51.9%
Toronto RaptorsGrevis Vasquez
51.9%
Charlotte BobcatsJosh McRoberts
51%
San Antonio SpursMarco Belinelli
51%
Atlanta HawksDeMarre Carroll
51%
Denver NuggetsJ.J. Hickson
49%
New York KnicksIman Shumpert
47.1%
Detroit PistonsRodney Stuckey
47.1%
Phoenix SunsP.J. Tucker
47.1%
Indiana PacersC.J. Watson
46.2%
Oklahoma City ThunderJeremy Lamb
45.2%
Denver NuggetsRandy Foye
45.2%
Brooklyn NetsAndray Blatche
44.2%
Denver NuggetsTimofey Mozgov
42.3%
Golden State WarriorsMarreese Speights
40.4%
Milwaukee BucksJohn Henson
40.4%
Boston CelticsKris Humphries
39.4%
New Orleans PelicansAl-Farouq Aminu
38.5%
Denver NuggetsEvan Fournier
37.5%
Charlotte Bobcats/Milwaukee BucksRamon Sessions
36.5%
Philadelphia 76ersTony Wroten
35.6%
Milwaukee BucksGiannis Antetokounmpo
34.6%
Toronto RaptorsPatrick Patterson
33.7%
Los Angeles LakersJordan Farmar
33.7%
Milwaukee BucksKhris Middleton
32.7%
New Orleans PelicansBrian Roberts
31.7%
Los Angeles LakersXavier Henry
31.7%
Dallas Mavericks Jae Crowder
30.8%
Orlando MagicAndrew Nicholson
29.8%
Cleveland Cavaliers/Philadelphia 76ersHenry Sims
26.9%
Orlando MagicKyle O'Quinn
26.9%
Memphis GrizzliesNick Calathes
26.9%
Cleveland CavaliersC.J. Miles
26%
Milwaukee BucksNate Wolters
19.2%

You're not logged in!

Compare scores with friends on all Sporcle quizzes.
Join for Free
OR
Log In

You Might Also Like...

Show Comments

Extras

Created May 19, 2014SourceReportNominate
Tags:NBA Quiz, NBA Player

Top Quizzes Today


Score Distribution

Your Account Isn't Verified!

In order to create a playlist on Sporcle, you need to verify the email address you used during registration. Go to your Sporcle Settings to finish the process.

Report this User

Report this user for behavior that violates our Community Guidelines.

Details: